| 000 | 00644nam a2200181 4500 | ||
|---|---|---|---|
| 001 | 112274 | ||
| 003 | ES-MaACL | ||
| 005 | 20230906185507.0 | ||
| 007 | t| | ||
| 008 | 061121s1983 sp r ||||1| spa d | ||
| 100 | 1 |
_aMuñoz Cortés, Manuel. _984379 |
|
| 245 | 1 | 3 |
_aEl lugar de la lingüística aplicada / _cManuel Muñoz Cortés. |
| 260 |
_aMurcia : _bUniversidad, _c1983. |
||
| 300 |
_a16 h. ; _c22 cm. |
||
| 500 | _aEs tirada aparte de las Actas de AESLA de la Universidad de Murcia, págs. 17-47. | ||
| 500 | _aPrecede al tit. : Actas del Primer Congreso Nacional de Lingüística Aplicada. | ||
| 852 |
_aES-MaACL _j2128-F-15 _bR.106206 |
||
| 999 |
_c112274 _d112274 |
||